000 01237nam0a22003011 4500
001 v19\rc\1883943
005 20251118180334.1
035 _a(NLR Aleph) 004972902
090 _a6103555
_c6103555
100 _a20080221d1910 u y0rusy50 ca
101 0 _arus
102 _aRU
105 _aa z |||||
200 1 _aКурорт Усть-Нарова (Гунгербург и Шмецке)
_eМор. купания
_eСезон с 1 мая по 1 сент.
_eКрат. ил. описание с прил. плана, списка сдающихся дач, таксы для извозчиков и пр.
_fСост. Л.А. Рюне
210 _aНарва
_cКомис. по благоустройству курорта
_d1910
215 _a52 с., 14 л. ил.
_d17
300 _aНа обл. авт. не указан
532 1 3 _aКурорт Усть-Нарова Гунгербург и Шмецке
700 1 _aРюне
_bЛ.А.
_4220
712 0 2 _4570
_aУсть-Нарова, курорт
_9731701
_3RU\NLR\AUTH\880534584
801 0 _aRU
_bNLR
_gpsbo
801 0 _aRU
_bRuMoRGB
_2psbo
801 1 _aRU
_bProSoft-M
_2rusmarc
852 _aNLR
_j34.82.4.1099
899 _aБАН
942 _cBOOK
980 _aNB